Changing population age structures : demographic and economic consequences and implications

Αποθηκεύτηκε σε:
Λεπτομέρειες βιβλιογραφικής εγγραφής
Συλλογικό Έργο: United Nations. Economic Commission for Europe, United Nations Population Fund
Μορφή: Βιβλίο
Γλώσσα:English
Δημοσίευση: Geneva : United Nations, 1992
Θέματα:
Ετικέτες: Προσθήκη ετικέτας
Δεν υπάρχουν, Καταχωρήστε ετικέτα πρώτοι!

MARC

LEADER 00000nam a2200000 i 4500
001 1/7490
008 960830s1992 eng d
020 |a 92-1-100381-4 
035 |l 10016722 
040 |a GR-MY-UA  |b gre  |e aacr 
041 0 |a eng 
082 0 |a 305.2 
110 2 |a United Nations.   |b Economic Commission for Europe. 
245 1 0 |a Changing population age structures :  |b demographic and economic consequences and implications /  |c United Nations Economic Commission for Europe ; United Nations Population Fund 
260 |a Geneva :   |b United Nations,   |c 1992 
300 |a 407 p.  |b fig. 
650 0 0 |a Demographic transition  |x Congresses. 
650 0 0 |a Population forecasting  |x Congresses. 
650 0 0 |a Age groups. 
710 2 |a United Nations Population Fund. 
852 |a INST  |b LESVOS  |e 19960830  |h 305.2 CHA  |p 005100006335  |q 005100006335  |t BK  |y 0 
909 |a Λ  |b 035204 
922 |a 1ΕΛΗ  |b 199404  |c ΡΕΝΤΖΟΣ